00415nam a2200145Ia 4500001000900000003000500009008004100014010001100055040000900066110003500075245006800110250001100178260007000189300001000259dia_7177CHAP220117s1970 xx 000 0 und d a178180 cCHAP aU.S. Department of Agriculture aUnited States standards for grades of canned clingstone peaches a4a ed. aEstados Unidos de América :b Department of Agriculture,c1970 a16 p.